| 000 | 00447nam a2200181Ia 4500 | ||
|---|---|---|---|
| 001 | 15054 | ||
| 005 | 20260306164959.0 | ||
| 008 | 260306t2024||||xx |||||||||||||| ||spa|| | ||
| 041 | _aESP | ||
| 082 |
_a526.9 _bR75 |
||
| 100 |
_aRodríguez Guillén, Gerhard Paúl, _eAUT |
||
| 245 | 0 | _aGuía de práctica de topografía I | |
| 260 | _c2024 | ||
| 300 |
_a43 páginas : _c29 cm. |
||
| 650 | _aGEN | ||
| 654 | _aCIC | ||
| 942 |
_cLIB _dJUS _fJUS _2ddc _n |
||
| 999 |
_c15054 _d15054 |
||